LEADER 00923nam0-22003371i-450- 001 990006850060403321 005 20001010 010 $a88-14-06393-1 035 $a000685006 035 $aFED01000685006 035 $a(Aleph)000685006FED01 035 $a000685006 100 $a20001010d--------km-y0itay50------ba 101 0 $aita 105 $ay-------001yy 200 1 $a<>società di comodo$elegge 23 dicembre 1996 n. 662$fCarlo Oneto. 205 $a2. ed. 210 $aMilano$cGiuffrè$d1997. 215 $aVI, 200, 16 p.$d24 cm 225 1 $aCosa & come$iTributi 610 0 $aSocietà di comodo - Tributi - Legislazione 676 $a343.45067 700 1$aOneto,$bCarlo$021540 801 0$aIT$bUNINA$gRICA$2UNIMARC 901 $aBK 912 $a990006850060403321 952 $aVI H 615$b30662$fFSPBC 959 $aFSPBC 996 $aSocietà di comodo$9207103 997 $aUNINA DB $aGEN01 LEADER 01102nam--2200373---450- 001 990003418660203316 005 20100625132654.0 010 $a978-0-521-86380-3 035 $a000341866 035 $aUSA01000341866 035 $a(ALEPH)000341866USA01 035 $a000341866 100 $a20100625d2006----km-y0itay50------ba 101 $aeng 102 $aGB 105 $a||||||||001yy 200 1 $aShakespeare, memory and performance$fedited by Peter Holland 210 $aCambridge$cCambridge University$d2006 215 $aXX, 357 p.$d24 cm 410 0$12001 454 0$12001 600 1$aShakespeare,$bWilliam$xOpere$xMessinscena$2BNCF 676 $a792.92 702 1$aHOLLAND,$bPeter 801 0$aIT$bsalbc$gISBD 912 $a990003418660203316 951 $aXIII.1.A. 509$b2238 L.G.$cXIII.1.A.$d00259744 959 $aBK 969 $aUMA 979 $aALESSANDRA$b90$c20100625$lUSA01$h1316 979 $aALESSANDRA$b90$c20100625$lUSA01$h1323 979 $aALESSANDRA$b90$c20100625$lUSA01$h1326 996 $aShakespeare, memory and performance$91125410 997 $aUNISA